00441nam a2200157 a 4500008004100000020001500041050001600056100002300072245006300095250001600158260003000174300003000204350000900234650001500243650002500258120416s1996 ||||||||||||||||| || u a0749420286 aHF 5549 Arm aArmstrong, Michael12aA handbook of personnel management practice. (6th edition) a6th edition aLondon:bKogan Pagec1996 a959 pages : illustrations a0.00 0aMANAGEMENT 0aPERSONNEL MANAGEMENT